Komodity a komoditné burzy diplomová práca
Saved in:
| Main Author: | |
|---|---|
| Corporate Author: | |
| Other Authors: | |
| Format: | Book |
| Language: | Slovak |
| Published: |
Bratislava
2015
|
| Tags: |
No Tags, Be the first to tag this record!
|
MARC
| LEADER | 00000nbm a2200000 4500 | ||
|---|---|---|---|
| 001 | 0201313 | ||
| 005 | 20161212101844.8 | ||
| 041 | 0 | |a slo | |
| 044 | |a SK | ||
| 245 | 1 | 0 | |a Komodity a komoditné burzy |b diplomová práca |c Petra Kubicová ; školiteľ: Miloš Bikár |
| 264 | 1 | |a Bratislava |c 2015 | |
| 300 | |a 76 s. | ||
| 100 | 1 | |a Kubicová, Petra | |
| 700 | 1 | |a Bikár, Miloš, 1973- | |
| 710 | 2 | |a Fakulta podnikového manažmentu EU. Katedra podnikových financií | |